000 00279nam a22001097a 4500
008 170105b xxu||||| |||| 00| 0 eng d
020 _a0781744806
041 _aeng
080 _25TH
_a618.2
245 _aFUNDAMENTALS OF NURSING
_cTAYLOR, C & LILLIS, C & LEMONE, P
942 _2udc
_cBK
999 _c2574
_d2574